Catalog

Record Details

Catalog Search



Experiencing God's pleasure  Cover Image Book Book

Experiencing God's pleasure / David McKechine

McKechine, David (Author).

Record details

  • ISBN: 0-8407-9080-5
  • Physical Description: 160 p.
  • Publisher: Nashville Thomas Nelson Publishers 1989

Available copies

  • 1 of 1 copy available at Common Catalog SPOK.

Holds

  • 0 current holds with 1 total copy.
Show Only Available Copies
Location Call Number / Copy Notes Barcode Shelving Location Status Due Date
ETS Library 248.4 424470003572 Volný výběr Available -

LDR 00635nam a2 00241
00138908
003CZ-PrJAB
00520030606000000.0
008010910s1989 xxu e |||| |eng
009us
020 . ‡a0-8407-9080-5
035 . ‡a(CONS)2687
035 . ‡aKPS9522
040 . ‡aABG450
041 . ‡aeng
08214. ‡a248.4
100 . ‡74322 ‡aMcKechine, David
245 . ‡aExperiencing God's pleasure / ‡cDavid McKechine
260 . ‡aNashville ‡bThomas Nelson Publishers ‡c1989
300 . ‡a160 p.
653 . ‡aExperiencing God's pleasure
8524 . ‡bETS ‡bETS ‡cVolný výběr ‡j248.4 ‡gA ‡p424470003572
910 . ‡aABG450
999 . ‡a2687 ‡bAUTOGEN ‡c2687 ‡tbiblio
905 . ‡uadmin
901 . ‡a38908 ‡b ‡c38908 ‡tbiblio ‡sets

Additional Resources